[Event "17th EUR-ch"]
[Site "Gjakova KOS"]
[Date "2016.05.13"]
[Round "2.43"]
[White "Oleksiyenko, Mykhaylo"]
[Black "Haznedaroglu, Kivanc"]
[Result "1/2-1/2"]
[WhiteElo "2622"]
[BlackElo "2494"]
[EventDate "2016.05.12"]
[PlyCount "141"]

1.e4 c5 2.Nf3 Nc6 3.d4 cxd4 4.Nxd4 Qb6 5.Nb3 Nf6 6.Nc3 e6 7.Bd3 a6 8.O-O 
Be7 9.Kh1 O-O 10.f4 d6 11.Qf3 Qc7 12.a3 Rb8 13.Bd2 b5 14.Rad1 Re8 15.Rde1 
b4 16.axb4 Nxb4 17.Nb5 axb5 18.Bxb4 e5 19.Ba5 Qc6 20.Bd2 Be6 21.Na5 Qc7 
22.b4 d5 23.fxe5 Nxe4 24.Rxe4 dxe4 25.Qxe4 g6 26.Nc6 Rb6 27.Nxe7+ Qxe7 28.
Be3 Bf5 29.Qf3 Bxd3 30.cxd3 Ra6 31.Bc5 Qe6 32.d4 Ra2 33.h3 Qd7 34.Qe4 Rea8
35.Rf6 R8a6 36.d5 Rxf6 37.exf6 Ra8 38.Be7 Ra1+ 39.Kh2 Qc7+ 40.d6 Qc1 41.
Qf3 h5 42.d7 Qg1+ 43.Kg3 Qe1+ 44.Kh2 h4 45.d8=Q+ Kh7 46.Qh5+ gxh5 47.Qd3+ 
Kh6 48.Bf8+ Kg5 49.Qxb5+ Kxf6 50.Qc6+ Qe6 51.Qc3+ Qe5+ 52.Qxe5+ Kxe5 53.
Bc5 Rb1 54.Be7 f6 55.b5 Rxb5 56.Kg1 Rb1+ 57.Kf2 Rb7 58.Bd8 Rd7 59.Bb6 Ke4 
60.Ba5 Kd3 61.Bb6 Rd5 62.Kf1 Rf5+ 63.Ke1 Rb5 64.Ba7 f5 65.Kf2 Ke4 66.Kg1 
Rb1+ 67.Kf2 f4 68.Bc5 Rb2+ 69.Kg1 f3 70.gxf3+ Kxf3 71.Bd6 1/2-1/2

[Event "17th EUR-ch"]
[Site "Gjakova KOS"]
[Date "2016.05.13"]
[Round "2.44"]
[White "Petrosian, Manuel"]
[Black "Gabuzian, Hovhannes"]
[Result "1-0"]
[WhiteElo "2480"]
[BlackElo "2620"]
[EventDate "2016.05.12"]
[PlyCount "65"]

1.d4 Nf6 2.c4 g6 3.g3 Bg7 4.Bg2 c5 5.Nf3 Qa5+ 6.Nc3 O-O 7.O-O cxd4 8.Nxd4 
Nc6 9.e3 Qc5 10.b3 d6 11.Bb2 Bg4 12.Qd2 Rac8 13.h3 Bd7 14.Nde2 Rfe8 15.
Rac1 Qh5 16.Nf4 Qh6 17.Ncd5 g5 18.Nxf6+ Bxf6 19.Bxf6 gxf4 20.Bb2 fxg3 21.
f4 f6 22.Qd5+ Kh8 23.Qg5 Qf8 24.Rcd1 Qf7 25.Rxd6 Rg8 26.Rxd7 Rxg5 27.fxg5 
Qe6 28.gxf6 Qxe3+ 29.Kh1 e5 30.f7 Rf8 31.Ba3 Kg7 32.Bxf8+ Kxf8 33.Bxc6 1-0

[Event "17th EUR-ch"]
[Site "Gjakova KOS"]
[Date "2016.05.13"]
[Round "2.45"]
[White "Lupulescu, Constantin"]
[Black "Godena, Michele"]
[Result "1-0"]
[WhiteElo "2620"]
[BlackElo "2493"]
[EventDate "2016.05.12"]
[PlyCount "77"]

1.d4 d5 2.Nf3 Nf6 3.c4 dxc4 4.Nc3 c6 5.a4 a5 6.e4 Bg4 7.Be3 e6 8.Qc2 Bxf3 
9.gxf3 g6 10.Bxc4 Bg7 11.h4 Na6 12.e5 Nb4 13.Qd2 Nfd5 14.Ne4 Bf8 15.Bg5 
Qc7 16.h5 Be7 17.Bxe7 Qxe7 18.Bxd5 exd5 19.Nf6+ Kd8 20.Kf1 Kc7 21.Kg2 Rad8
22.Rh3 Kb8 23.f4 c5 24.Rah1 g5 25.fxg5 cxd4 26.Qxd4 Nc6 27.Qf4 d4 28.Rd1 
Qxe5 29.Rh4 h6 30.g6 fxg6 31.hxg6 Rhf8 32.Nd7+ Rxd7 33.Qxf8+ Ka7 34.Qf4 
Qd5+ 35.Qf3 Qd6 36.Rxh6 d3 37.Qe4 Ne5 38.Rh7 Nxg6 39.Rxd7 1-0

[Event "17th EUR-ch"]
[Site "Gjakova KOS"]
[Date "2016.05.13"]
[Round "2.46"]
[White "Petrov, Nikita"]
[Black "Nabaty, Tamir"]
[Result "1/2-1/2"]
[WhiteElo "2475"]
[BlackElo "2619"]
[EventDate "2016.05.12"]
[PlyCount "138"]

1.Nf3 d5 2.g3 Nd7 3.d4 g6 4.Bg2 Bg7 5.O-O Ngf6 6.Bf4 O-O 7.Nbd2 c6 8.c4 
dxc4 9.Nxc4 Nb6 10.Nce5 a5 11.Qc1 Bf5 12.Bh6 Be4 13.Rd1 Qd5 14.Bxg7 Kxg7 
15.Ne1 Bxg2 16.Nxg2 Rfd8 17.Nf4 Qd6 18.h4 Nfd7 19.Nf3 Nd5 20.Nd3 N5f6 21.
Nf4 Nf8 22.Qc4 Nd5 23.Ng5 Qb4 24.Qc1 h6 25.Nf3 Nxf4 26.Qxf4 Ne6 27.Qe3 Rd5
28.a3 Qb5 29.Rd2 Rad8 30.Qc3 Kg8 31.e4 R5d6 32.b3 Qh5 33.Rad1 f5 34.exf5 
Qxf5 35.Qe3 Rf8 36.Ne5 g5 37.Nc4 Rd5 38.Re1 Rf6 39.hxg5 hxg5 40.Qe4 Nxd4 
41.Qxf5 Rfxf5 42.Kf1 Nf3 43.Rxd5 Rxd5 44.Re3 g4 45.Re4 Kf7 46.Kg2 Rd4 47.
Rxd4 Nxd4 48.Nxa5 b5 49.a4 Ke6 50.Nb7 Nxb3 51.a5 Kd7 52.a6 Kc7 53.Nd8 Kb6 
54.a7 Kxa7 55.Nxc6+ Kb6 56.Ne5 Nd2 57.Nxg4 Nc4 58.Kf3 b4 59.Ne3 Kb5 60.Nd1
b3 61.g4 b2 62.Nxb2 Nxb2 63.g5 Nc4 64.Ke4 Kc6 65.g6 Nd6+ 66.Ke5 Kd7 67.g7 
Nf7+ 68.Kf5 Nh6+ 69.Kg6 Ng8 1/2-1/2

[Event "17th EUR-ch"]
[Site "Gjakova KOS"]
[Date "2016.05.13"]
[Round "2.47"]
[White "Salgado Lopez, Ivan"]
[Black "Ali Marandi, Cemil Can"]
[Result "1-0"]
[WhiteElo "2618"]
[BlackElo "2476"]
[EventDate "2016.05.12"]
[PlyCount "73"]

1.e4 e6 2.d4 d5 3.Nc3 Nf6 4.e5 Nfd7 5.f4 c5 6.Nf3 Nc6 7.Be3 a6 8.Ne2 Qb6 
9.Qc1 g5 10.fxg5 cxd4 11.Nexd4 Ndxe5 12.c3 Qc7 13.Be2 Bd6 14.Nxe5 Nxe5 15.
O-O Bd7 16.Bf4 O-O-O 17.Qe3 h6 18.gxh6 f5 19.Rae1 Kb8 20.h3 Rdg8 21.Bxa6 
Ng6 22.Bxd6 Qxd6 23.Bb5 f4 24.Qd2 Bxb5 25.Nxb5 Qb6+ 26.Qd4 Qxb5 27.Rxe6 
Rxh6 28.Rxf4 Re8 29.Rff6 Rxe6 30.Rxe6 Qd7 31.Qe3 Qf7 32.Re8+ Kc7 33.Qc5+ 
Kd7 34.Rb8 Ne7 35.Rxb7+ Ke8 36.Rb8+ Kd7 37.Qa7+ 1-0

[Event "17th EUR-ch"]
[Site "Gjakova KOS"]
[Date "2016.05.13"]
[Round "2.48"]
[White "Sanal, Vahap"]
[Black "Anton Guijarro, David"]
[Result "1/2-1/2"]
[WhiteElo "2465"]
[BlackElo "2616"]
[EventDate "2016.05.12"]
[PlyCount "56"]

1.e4 e6 2.d4 d5 3.Nd2 Be7 4.e5 c5 5.c3 Nc6 6.Bd3 Bd7 7.Ne2 f6 8.Nf3 fxe5 
9.Nxe5 Nxe5 10.dxe5 Qc7 11.O-O Qxe5 12.Re1 Qh5 13.Qb3 Nf6 14.Nf4 Qf7 15.
Qxb7 O-O 16.Nh3 Bd6 17.Qa6 Bc7 18.Be3 c4 19.Bc2 h6 20.f3 e5 21.Nf2 Qh5 22.
h3 Qh4 23.Qb7 Rfc8 24.Ng4 Bxg4 25.Bf2 Qg5 26.Be3 Qh4 27.Bf2 Qg5 28.Be3 Qh4
1/2-1/2

[Event "17th EUR-ch"]
[Site "Gjakova KOS"]
[Date "2016.05.13"]
[Round "2.49"]
[White "Bok, Benjamin"]
[Black "Druska, Juraj"]
[Result "1-0"]
[WhiteElo "2614"]
[BlackElo "2466"]
[EventDate "2016.05.12"]
[PlyCount "83"]

1.d4 Nf6 2.c4 e6 3.Nf3 Bb4+ 4.Nbd2 O-O 5.a3 Be7 6.e4 d6 7.Be2 Nbd7 8.Qc2 
e5 9.Nb1 c6 10.Nc3 Qc7 11.O-O a5 12.h3 Re8 13.Be3 b6 14.d5 Bb7 15.Rac1 
Rec8 16.Nd2 Qd8 17.b4 axb4 18.axb4 Ra7 19.dxc6 Bxc6 20.Rfd1 Rca8 21.Bf3 h6
22.Qb2 Nh7 23.Nf1 Ng5 24.Qe2 Ra3 25.Ng3 g6 26.Bg4 h5 27.Bxd7 Qxd7 28.b5 
Bb7 29.Bxb6 Ne6 30.c5 Nd4 31.Rxd4 exd4 32.c6 Bxc6 33.bxc6 Qxc6 34.Bxd4 Ra1
35.Rxa1 Rxa1+ 36.Kh2 Bg5 37.Nd5 Ra4 38.Qb2 Qe8 39.Nf6+ Bxf6 40.Bxf6 Kh7 
41.Qd2 Qf8 42.Qd5 1-0

[Event "17th EUR-ch"]
[Site "Gjakova KOS"]
[Date "2016.05.13"]
[Round "2.50"]
[White "Firat, Burak"]
[Black "Pantsulaia, Levan"]
[Result "1/2-1/2"]
[WhiteElo "2461"]
[BlackElo "2613"]
[EventDate "2016.05.12"]
[PlyCount "80"]

1.e4 c5 2.Nf3 a6 3.c4 e6 4.Nc3 Qc7 5.d4 cxd4 6.Nxd4 Nf6 7.Be2 Bb4 8.O-O 
Nc6 9.Nxc6 dxc6 10.Qb3 Bd6 11.f4 e5 12.f5 Bc5+ 13.Kh1 h5 14.Na4 Bd4 15.Be3
b5 16.Bxd4 exd4 17.Nc5 Ng4 18.Qg3 Qxg3 19.hxg3 Ne3 20.Rfc1 h4 21.g4 bxc4 
22.Bxc4 h3 23.g3 h2 24.Be2 Rh3 25.Nb3 Rxg3 26.Nxd4 Nxg4 27.Rc3 Rxc3 28.
bxc3 Nf2+ 29.Kxh2 Rb8 30.Bf3 Rb2 31.Kg3 c5 32.Nb3 Nd3 33.Rd1 c4 34.Na5 Ne5
35.Rd4 Rxa2 36.Nxc4 Nxc4 37.Rxc4 Kd8 38.Kf4 f6 39.Rd4+ Ke7 40.Rd1 Rc2 
1/2-1/2

[Event "17th EUR-ch"]
[Site "Gjakova KOS"]
[Date "2016.05.13"]
[Round "2.61"]
[White "Thorfinnsson, Bjorn"]
[Black "Saraci, Nderim"]
[Result "0-1"]
[WhiteElo "2410"]
[BlackElo "2275"]
[EventDate "2016.05.12"]
[PlyCount "60"]

1.c4 Nf6 2.d4 e6 3.Nc3 d5 4.cxd5 exd5 5.Bg5 c6 6.e3 Be7 7.Bd3 Nbd7 8.h3 
O-O 9.Qc2 Re8 10.Nge2 Nf8 11.g4 a5 12.a4 b6 13.Ng3 g6 14.O-O-O Ba6 15.Bxa6
Rxa6 16.Nf5 gxf5 17.gxf5 Kh8 18.Rdg1 N8d7 19.Rg2 Rg8 20.Rhg1 Ra8 21.f3 Nh5
22.h4 f6 23.f4 Bb4 24.Nd1 Qe7 25.Qe2 Qf7 26.Nf2 Ng7 27.Ng4 Nxf5 28.Bxf6+ 
Nxf6 29.Ne5 Qe6 30.Rg5 Bd6 0-1

[Event "17th EUR-ch"]
[Site "Gjakova KOS"]
[Date "2016.05.13"]
[Round "2.62"]
[White "Gaehwiler, Gabriel"]
[Black "Kanmazalp, Ogulcan"]
[Result "1/2-1/2"]
[WhiteElo "2352"]
[BlackElo "2442"]
[EventDate "2016.05.12"]
[PlyCount "35"]

1.d4 Nf6 2.c4 g6 3.Nc3 d5 4.Bf4 Bg7 5.e3 O-O 6.Nf3 c5 7.dxc5 Ne4 8.Rc1 Nd7
9.cxd5 Qa5 10.Nd4 Nxc3 11.bxc3 Nxc5 12.Bc4 Bd7 13.O-O Na4 14.Qb3 Nb6 15.
Bc7 Qc5 16.Bxb6 axb6 17.Bb5 Bxd4 18.Bxd7 1/2-1/2

[Event "17th EUR-ch"]
[Site "Gjakova KOS"]
[Date "2016.05.13"]
[Round "2.63"]
[White "Agopov, Mikael"]
[Black "Kasumi, Gezim"]
[Result "1-0"]
[WhiteElo "2442"]
[BlackElo "1899"]
[EventDate "2016.05.12"]
[PlyCount "59"]

1.e4 Nc6 2.d4 e5 3.d5 Nce7 4.Be3 d6 5.c4 Nf6 6.Nc3 Ng6 7.f3 Be7 8.Qd2 O-O 
9.g3 c5 10.h4 h5 11.Nh3 a6 12.Nf2 Ne8 13.Bd3 Nc7 14.a4 b6 15.Ke2 Bd7 16.
Rhb1 Rb8 17.b4 Qe8 18.bxc5 bxc5 19.Rxb8 Qxb8 20.Rb1 Qd8 21.a5 Qe8 22.Qb2 
f6 23.Qb7 Qd8 24.Qa7 Bc8 25.Bc2 Kh7 26.Rb8 Qd7 27.Ba4 Nb5 28.Nxb5 axb5 29.
Qxd7 Bxd7 30.Rxf8 1-0

[Event "17th EUR-ch"]
[Site "Gjakova KOS"]
[Date "2016.05.13"]
[Round "2.64"]
[White "Erdogdu, Mert"]
[Black "Hyseni, Nuridin"]
[Result "1-0"]
[WhiteElo "2439"]
[BlackElo "1809"]
[EventDate "2016.05.12"]
[PlyCount "125"]

1.e4 c5 2.Nf3 e6 3.d4 cxd4 4.Nxd4 a6 5.Bd3 d6 6.O-O Nf6 7.c4 Nc6 8.Nxc6 
bxc6 9.Nc3 Be7 10.Qe2 O-O 11.b3 Qc7 12.Ba3 Bb7 13.Rad1 Rad8 14.Bc2 e5 15.
Rd3 Bc8 16.Rfd1 Bg4 17.f3 Be6 18.Qd2 c5 19.g3 h6 20.Bb2 Rfe8 21.Na4 Bd7 
22.Bc3 Qc6 23.Ba5 Rb8 24.Nc3 Be6 25.Rxd6 Bxd6 26.Qxd6 Qxd6 27.Rxd6 Ra8 28.
Na4 Rec8 29.Rd2 Rc6 30.Bc3 Nd7 31.f4 Nb6 32.Nxb6 Rxb6 33.f5 Bc8 34.Bxe5 
Bb7 35.Bc7 Rc6 36.Rd7 Re8 37.Ba5 Bc8 38.Rd5 Bb7 39.Rd7 Bc8 40.Rd1 Bb7 41.
e5 Rcc8 42.Re1 Re7 43.Kf2 Rce8 44.Bc3 Bc8 45.Kf3 Rd7 46.g4 Rf8 47.h4 Bb7+ 
48.Kf4 Bc8 49.Rg1 Bb7 50.g5 h5 51.g6 f6 52.exf6 gxf6 53.Re1 Bg2 54.Re6 Bf1
55.Be4 Kg7 56.Rxa6 Re7 57.Bd5 Rd7 58.Rc6 Bd3 59.Rxc5 Rfd8 60.Rc6 Rd6 61.
Rc5 R8d7 62.a4 Bc2 63.Rb5 1-0

[Event "17th EUR-ch"]
[Site "Gjakova KOS"]
[Date "2016.05.13"]
[Round "2.65"]
[White "Mulaj, Jakup"]
[Black "Korchmar, Vasiliy"]
[Result "0-1"]
[WhiteElo "1862"]
[BlackElo "2437"]
[EventDate "2016.05.12"]
[PlyCount "74"]

1.e4 c5 2.Nf3 e6 3.d4 cxd4 4.Nxd4 a6 5.Nc3 d6 6.Be3 b5 7.a3 Nf6 8.Bd3 Bb7 
9.O-O Nbd7 10.Qd2 Be7 11.h3 Nc5 12.f3 O-O 13.Rad1 Rc8 14.b4 Nxd3 15.cxd3 
Qc7 16.Rc1 Qb8 17.Nce2 d5 18.Rxc8 Rxc8 19.Rc1 Rd8 20.e5 Nd7 21.f4 Rc8 22.
Rxc8+ Qxc8 23.Qc3 Qxc3 24.Nxc3 g5 25.g3 gxf4 26.gxf4 f6 27.Nxe6 fxe5 28.
fxe5 Nxe5 29.d4 Nc4 30.Bc1 Bf6 31.Ne2 Bc8 32.Nc7 Nb6 33.Kg2 Kf7 34.Kg3 Ke7
35.Bf4 Kd7 36.Nc3 Bxd4 37.N7xd5 Bb7 0-1

[Event "17th EUR-ch"]
[Site "Gjakova KOS"]
[Date "2016.05.13"]
[Round "2.66"]
[White "Getz, Nicolai"]
[Black "Kastrati, Labinot"]
[Result "1-0"]
[WhiteElo "2431"]
[BlackElo "1708"]
[EventDate "2016.05.12"]
[PlyCount "121"]

1.d4 Nf6 2.c4 e6 3.Nc3 Bb4 4.g3 d5 5.Bg2 O-O 6.a3 Bxc3+ 7.bxc3 c6 8.Nf3 
dxc4 9.Ne5 Nd5 10.Bd2 b5 11.e4 Nb6 12.O-O Bb7 13.Qg4 Qe7 14.h4 N8d7 15.
Nxd7 Nxd7 16.e5 f5 17.exf6 Nxf6 18.Qe2 Nd5 19.Rfe1 Bc8 20.a4 Qf6 21.f4 Qg6
22.Kh2 a6 23.Ra2 Bd7 24.Bh3 Kh8 25.Rea1 Nc7 26.Qe5 Rac8 27.Bg2 Ne8 28.axb5
axb5 29.Ra7 Nf6 30.Qe2 Rcd8 31.Be1 Qg4 32.Bf3 Qf5 33.g4 Qd3 34.Qxd3 cxd3 
35.Kg3 Nd5 36.Bd2 Nb6 37.Be4 Ra8 38.Bxd3 Rxa7 39.Rxa7 Rd8 40.Be4 Kg8 41.
Kf3 Nc4 42.Bc1 Nd6 43.Bd3 c5 44.dxc5 Bc6+ 45.Ke2 Ne4 46.Bxe4 Bxe4 47.Be3 
Ra8 48.Re7 Ra2+ 49.Ke1 Ra1+ 50.Kf2 Ra2+ 51.Kg3 Bd5 52.Bd4 g6 53.Rg7+ Kf8 
54.Rxh7 Ra3 55.Rh8+ Kf7 56.Rb8 Rb3 57.Rb6 b4 58.Rxb4 Rxb4 59.cxb4 Bc6 60.
h5 gxh5 61.gxh5 1-0

[Event "17th EUR-ch"]
[Site "Gjakova KOS"]
[Date "2016.05.13"]
[Round "2.67"]
[White "Deda, Dede"]
[Black "Codenotti, Marco"]
[Result "0-1"]
[WhiteElo "1745"]
[BlackElo "2428"]
[EventDate "2016.05.12"]
[PlyCount "72"]

1.d4 Nf6 2.c4 g6 3.Nc3 d5 4.Nf3 Bg7 5.cxd5 Nxd5 6.e4 Nxc3 7.bxc3 c5 8.Bb5+
Nd7 9.O-O O-O 10.Be3 Nf6 11.Bd3 Ng4 12.Qd2 Nxe3 13.fxe3 e5 14.d5 f5 15.c4 
Qd6 16.Rab1 b6 17.a4 f4 18.h3 Bd7 19.Bc2 a6 20.Qe2 Bh6 21.exf4 Bxf4 22.Ne1
Kg7 23.Nd3 Bg5 24.Nf2 h5 25.Qd3 Rf6 26.Nh1 Raf8 27.Rxf6 Qxf6 28.Rf1 Be3+ 
29.Qxe3 Qxf1+ 30.Kh2 h4 31.Qg5 Qf4+ 32.Qxf4 Rxf4 33.Kg1 b5 34.axb5 axb5 
35.Nf2 bxc4 36.Ng4 Bxg4 0-1

[Event "17th EUR-ch"]
[Site "Gjakova KOS"]
[Date "2016.05.13"]
[Round "2.68"]
[White "Yilmazyerli, Mert"]
[Black "Sutaj, Sali"]
[Result "1-0"]
[WhiteElo "2426"]
[BlackElo "1636"]
[EventDate "2016.05.12"]
[PlyCount "77"]

1.e4 g6 2.d4 d5 3.exd5 Qxd5 4.Nc3 Qd8 5.Nf3 Bg7 6.Bc4 Nf6 7.O-O O-O 8.h3 
b6 9.Bf4 Bb7 10.Qe2 e6 11.Rad1 c6 12.Rfe1 a5 13.Ne4 Nxe4 14.Qxe4 Qc8 15.
Qe3 b5 16.Bd3 Nd7 17.Bh6 Qd8 18.c3 Nb6 19.Ne5 Nd5 20.Qd2 a4 21.Bxg7 Kxg7 
22.Be4 f5 23.Bf3 Qd6 24.Nd3 Rfe8 25.Re2 Re7 26.Rde1 Rae8 27.h4 h6 28.g3 
Ba8 29.Re5 Bb7 30.R1e2 Nb6 31.Qe1 Bc8 32.b3 Nd5 33.Bxd5 cxd5 34.Qd2 axb3 
35.axb3 Bd7 36.Nc5 Rh8 37.Qf4 Kf6 38.Rxf5+ gxf5 39.Qxd6 1-0

[Event "17th EUR-ch"]
[Site "Gjakova KOS"]
[Date "2016.05.13"]
[Round "2.69"]
[White "Qorrolli, Shpresmir"]
[Black "Dragnev, Valentin"]
[Result "0-1"]
[WhiteElo "1688"]
[BlackElo "2423"]
[EventDate "2016.05.12"]
[PlyCount "70"]

1.d4 Nf6 2.Nc3 g6 3.Nf3 Bg7 4.g3 O-O 5.Bg2 d5 6.O-O c5 7.e3 Nc6 8.Ne2 Re8 
9.c3 Bf5 10.a3 c4 11.Re1 b5 12.h3 h5 13.Nf4 Be4 14.Ne5 Qd6 15.f3 Bf5 16.e4
dxe4 17.fxe4 Bxe4 18.Bxe4 Nxe4 19.Rxe4 Nxe5 20.Qe2 Nd3 21.Nxd3 Qxg3+ 22.
Qg2 Qxd3 23.Bg5 Bf6 24.Bxf6 exf6 25.Rae1 Rxe4 26.Rxe4 Rd8 27.Kh2 a5 28.Qe2
Qb1 29.Re8+ Rxe8 30.Qxe8+ Kg7 31.Qxb5 Qc2+ 32.Kg1 Qd1+ 33.Kg2 Qe2+ 34.Kg1 
h4 35.Qd7 Qxb2 0-1

[Event "17th EUR-ch"]
[Site "Gjakova KOS"]
[Date "2016.05.13"]
[Round "2.70"]
[White "Bytyqi, Arben"]
[Black "Birnboim, Nathan"]
[Result "0-1"]
[WhiteElo "1606"]
[BlackElo "2367"]
[EventDate "2016.05.12"]
[PlyCount "48"]

1.e4 c5 2.Nf3 Nc6 3.d4 cxd4 4.Nxd4 Nf6 5.Nc3 e5 6.Ndb5 d6 7.Bg5 a6 8.Na3 
b5 9.Nd5 Be7 10.Be3 O-O 11.Nb6 Rb8 12.Nxc8 Rxc8 13.f3 d5 14.exd5 Nxd5 15.
Bd2 e4 16.fxe4 Bxa3 17.exd5 Qh4+ 18.g3 Qe4+ 19.Qe2 Qxh1 20.dxc6 Bxb2 21.
Rb1 Rfe8 22.Rxb2 Rxe2+ 23.Kxe2 Qxh2+ 24.Kd1 Qg1 0-1

[Event "17th EUR-ch"]
[Site "Gjakova KOS"]
[Date "2016.05.14"]
[Round "3.1"]
[White "Lupulescu, Constantin"]
[Black "Wojtaszek, Radoslaw"]
[Result "0-1"]
[WhiteElo "2620"]
[BlackElo "2722"]
[EventDate "2016.05.12"]
[PlyCount "100"]

1.e4 c5 2.Nf3 d6 3.d4 cxd4 4.Nxd4 Nf6 5.Nc3 a6 6.g3 e5 7.Nde2 Be7 8.Bg2 
O-O 9.a4 Nc6 10.O-O Nb4 11.b3 Be6 12.Ba3 a5 13.Qd2 Rc8 14.Rac1 Re8 15.h3 
d5 16.exd5 Nfxd5 17.Nxd5 Nxd5 18.Bxe7 Rxe7 19.Rfd1 Rd7 20.Qe1 Nb4 21.Bxb7 
Rcc7 22.Bg2 Nxc2 23.Rxd7 Rxd7 24.Qc3 Nb4 25.Qe3 f6 26.f4 Rd3 27.Qc5 Rd2 
28.Qb5 h6 29.fxe5 Nd3 30.Rc3 Nxe5 31.Re3 Rb2 32.Kh2 Bc4 33.bxc4 Rxb5 34.
cxb5 Qd2 35.Re4 Qb2 36.Nd4 h5 37.Kg1 g5 38.Nf3 Qb1+ 39.Ne1 Nd3 40.Kf1 Nc5 
41.Rc4 Nxa4 42.Rc8+ Kg7 43.Rb8 Qf5+ 44.Kg1 Qc5+ 45.Kh2 Nb6 46.Rb7+ Kf8 47.
Nf3 a4 48.Nd2 a3 49.Ne4 Qd4 50.Ra7 Qb2 0-1

[Event "17th EUR-ch"]
[Site "Gjakova KOS"]
[Date "2016.05.14"]
[Round "3.2"]
[White "Salgado Lopez, Ivan"]
[Black "Ponomariov, Ruslan"]
[Result "1/2-1/2"]
[WhiteElo "2618"]
[BlackElo "2715"]
[EventDate "2016.05.12"]
[PlyCount "115"]

1.e4 c5 2.Nf3 d6 3.d4 cxd4 4.Nxd4 Nf6 5.Nc3 a6 6.Be3 e5 7.Nb3 Be6 8.f3 h5 
9.Qd2 Nbd7 10.a4 Be7 11.Be2 Nb6 12.O-O Rc8 13.Rfd1 O-O 14.a5 Nc4 15.Bxc4 
Rxc4 16.Nc1 Qc8 17.N1e2 Rd8 18.Bg5 Qc7 19.Kh1 b5 20.axb6 Qxb6 21.b3 Rc6 
22.Qd3 Rdc8 23.Na4 Qb7 24.Bxf6 Bxf6 25.c4 Bg5 26.Rdb1 Qa7 27.Nac3 Qe3 28.
Qxe3 Bxe3 29.g3 Rb8 30.f4 exf4 31.gxf4 f5 32.Nd5 Bxd5 33.exd5 Rcb6 34.Kg2 
h4 35.Nc1 Bxf4 36.Nd3 h3+ 37.Kf2 Bd2 38.b4 Bxb4 39.Rxb4 Rxb4 40.Nxb4 Rxb4 
41.Rxa6 Rxc4 42.Kg3 Rg4+ 43.Kxh3 Rg6 44.Ra7 Kf8 45.Kh4 Rg2 46.Kh5 Rxh2+ 
47.Kg5 Rd2 48.Ra8+ Kf7 49.Ra7+ Kg8 50.Kg6 Rg2+ 51.Kxf5 Rf2+ 52.Kg5 Kh7 53.
Rd7 Rg2+ 54.Kf5 Rg6 55.Rd8 Rf6+ 56.Kg5 Rg6+ 57.Kf5 Rf6+ 58.Ke4 1/2-1/2

[Event "17th EUR-ch"]
[Site "Gjakova KOS"]
[Date "2016.05.14"]
[Round "3.3"]
[White "Matlakov, Maxim"]
[Black "Bok, Benjamin"]
[Result "1-0"]
[WhiteElo "2693"]
[BlackElo "2614"]
[EventDate "2016.05.12"]
[PlyCount "85"]

1.Nf3 d5 2.g3 g6 3.Bg2 Bg7 4.d4 Nf6 5.O-O O-O 6.c4 c6 7.b3 dxc4 8.bxc4 c5 
9.Bb2 Qb6 10.Qb3 cxd4 11.Bxd4 Qxb3 12.axb3 Nc6 13.Nc3 Nxd4 14.Nxd4 a6 15.
e3 Rb8 16.b4 Bd7 17.c5 Rfc8 18.Na4 Be8 19.Nb6 Rd8 20.Rad1 e6 21.Nb3 Bb5 
22.Rxd8+ Rxd8 23.Rc1 Nd7 24.Rd1 Bf6 25.Nxd7 Bxd7 26.Bxb7 Bb5 27.Rxd8+ Bxd8
28.f4 Kf8 29.Kf2 Bf6 30.Nd4 Ke7 31.Bf3 Bd7 32.Ke1 g5 33.Kd2 gxf4 34.gxf4 
Bc8 35.Nc6+ Ke8 36.Ne5 Bd8 37.Bc6+ Ke7 38.Be4 Bc7 39.Bxh7 f5 40.h4 Kf6 41.
h5 Bxe5 42.fxe5+ Kxe5 43.c6 1-0

[Event "17th EUR-ch"]
[Site "Gjakova KOS"]
[Date "2016.05.14"]
[Round "3.4"]
[White "Fressinet, Laurent"]
[Black "Zubov, Alexander"]
[Result "1/2-1/2"]
[WhiteElo "2692"]
[BlackElo "2612"]
[EventDate "2016.05.12"]
[PlyCount "55"]

1.e4 c5 2.Nf3 e6 3.d4 cxd4 4.Nxd4 a6 5.Nc3 Qc7 6.Bd3 Bc5 7.Nb3 Be7 8.Qg4 
g6 9.Bg5 d6 10.Bxe7 Qxe7 11.O-O-O Nf6 12.Qg3 e5 13.Be2 Nbd7 14.h4 b5 15.h5
b4 16.Nd5 Nxd5 17.exd5 g5 18.h6 f5 19.f3 f4 20.Qf2 a5 21.Bb5 a4 22.Nd4 b3 
23.Kb1 Kf7 24.Ne6 Nf8 25.Ng7 Nd7 26.Ne6 Nf8 27.Ng7 Nd7 28.Ne6 1/2-1/2

[Event "17th EUR-ch"]
[Site "Gjakova KOS"]
[Date "2016.05.14"]
[Round "3.5"]
[White "Khismatullin, Denis"]
[Black "Inarkiev, Ernesto"]
[Result "0-1"]
[WhiteElo "2609"]
[BlackElo "2686"]
[EventDate "2016.05.12"]
[PlyCount "114"]

1.d4 Nf6 2.c4 e6 3.Nf3 b6 4.g3 Bb7 5.Bg2 Be7 6.O-O O-O 7.Re1 Na6 8.Ne5 
Bxg2 9.Kxg2 c5 10.d5 Qc7 11.Nf3 Ne4 12.Nc3 f5 13.Bf4 Qb7 14.Qb3 d6 15.Nxe4
fxe4 16.Nd2 exd5 17.cxd5 e3 18.Ne4 exf2 19.Nxf2 b5 20.a4 Rab8 21.axb5 Nc7 
22.Ne4 Nxb5 23.Nc3 Nd4 24.Qxb7 Rxb7 25.Ra6 Nc2 26.Rf1 Nb4 27.Ra4 g5 28.Bd2
Rxf1 29.Kxf1 Kf7 30.g4 Kg6 31.Kg2 Bf6 32.Ra5 Bxc3 33.Bxc3 Nxd5 34.Ra6 Rd7 
35.Be5 Nb6 36.Bc3 Kf7 37.Kf3 h6 38.e4 Ke6 39.b4 Rf7+ 40.Ke3 Nc4+ 41.Kd3 
cxb4 42.Bxb4 Nb6 43.Ke3 Rc7 44.Ba5 Rb7 45.Bxb6 axb6 46.Kd4 Rb8 47.h3 b5 
48.Ra3 b4 49.Rb3 Rb7 50.Kd3 Ke5 51.Ke3 Rc7 52.Rxb4 Rc3+ 53.Kf2 Rxh3 54.Kg2
Re3 55.Rb5+ Kf4 56.Rd5 Kxg4 57.Rxd6 h5 0-1

[Event "17th EUR-ch"]
[Site "Gjakova KOS"]
[Date "2016.05.14"]
[Round "3.6"]
[White "Yilmaz, Mustafa"]
[Black "Laznicka, Viktor"]
[Result "1/2-1/2"]
[WhiteElo "2603"]
[BlackElo "2668"]
[EventDate "2016.05.12"]
[PlyCount "28"]

1.d4 d5 2.c4 dxc4 3.Nf3 Nf6 4.e3 e6 5.Bxc4 c5 6.O-O a6 7.b3 cxd4 8.Nxd4 
Bd6 9.Bb2 O-O 10.Nd2 e5 11.N4f3 Nc6 12.Bd3 Bc7 13.Qb1 Bg4 14.Ne4 Bxf3 
1/2-1/2

[Event "17th EUR-ch"]
[Site "Gjakova KOS"]
[Date "2016.05.14"]
[Round "3.7"]
[White "Andriasian, Zaven"]
[Black "Dreev, Alexei"]
[Result "1-0"]
[WhiteElo "2602"]
[BlackElo "2662"]
[EventDate "2016.05.12"]
[PlyCount "74"]

1.e4 c6 2.d4 d5 3.e5 Bf5 4.h4 h6 5.g4 Bd7 6.Nc3 Qc8 7.Be2 e6 8.f4 c5 9.Nf3
h5 10.gxh5 Nh6 11.Be3 a6 12.Qd2 Nf5 13.Bf2 Rxh5 14.dxc5 Rh8 15.Bd3 Nh6 16.
b4 b6 17.cxb6 Bxb4 18.Rb1 a5 19.Rxb4 axb4 20.Nb5 Bxb5 21.Bxb5+ Kf8 22.
Qxb4+ Kg8 23.a4 Na6 24.Qd2 Nf5 25.Nd4 Ne7 26.Rh3 Qb7 27.Nb3 d4 28.Qxd4 Nf5
29.Qd1 Qe4+ 30.Qe2 Qxf4 31.b7 Rb8 32.Bxa6 g5 33.Be3 Qb4+ 34.Bd2 Qxa4 35.
Bxg5 Qc6 36.Kd2 Kh7 37.Kc1 Kg6 1-0

[Event "17th EUR-ch"]
[Site "Gjakova KOS"]
[Date "2016.05.14"]
[Round "3.8"]
[White "Ter-Sahakian, Samvel"]
[Black "Jobava, Baadur"]
[Result "0-1"]
[WhiteElo "2601"]
[BlackElo "2661"]
[EventDate "2016.05.12"]
[PlyCount "70"]

1.e4 e6 2.d4 d5 3.Nc3 dxe4 4.Nxe4 Bd7 5.Nf3 Bc6 6.Bd3 Nd7 7.O-O Ngf6 8.Ng3
g6 9.c4 Bg7 10.d5 exd5 11.Re1+ Kf8 12.b3 Kg8 13.Ba3 Nb6 14.Be7 Qd7 15.Bxf6
Bxf6 16.c5 Nc8 17.Ne5 Qd8 18.Qg4 Bg7 19.h4 h5 20.Qh3 Ne7 21.Re3 Bxe5 22.
Rxe5 Bd7 23.Qh2 Nc6 24.Rg5 Qf6 25.Re1 Re8 26.Rxe8+ Bxe8 27.Nf1 Qd4 28.Be2 
Nd8 29.Qxc7 Ne6 30.Qe5 Qxh4 31.Rg3 Bc6 32.Bd3 Qf4 33.Qb2 h4 34.Rf3 Qg5 35.
Qb1 Nxc5 0-1

[Event "17th EUR-ch"]
[Site "Gjakova KOS"]
[Date "2016.05.14"]
[Round "3.9"]
[White "Goganov, Aleksey"]
[Black "Saric, Ivan"]
[Result "1/2-1/2"]
[WhiteElo "2600"]
[BlackElo "2650"]
[EventDate "2016.05.12"]
[PlyCount "71"]

1.d4 Nf6 2.c4 g6 3.Nc3 Bg7 4.e4 d6 5.Nf3 O-O 6.h3 e5 7.d5 Nh5 8.g3 f5 9.
exf5 gxf5 10.Nh4 Nf6 11.Bg5 Na6 12.Qd2 Nc5 13.b4 Nce4 14.Nxe4 Nxe4 15.Bxd8
Nxd2 16.Bxc7 Ne4 17.Bg2 Rf7 18.Bxe4 Rxc7 19.Nxf5 Bxf5 20.Bxf5 Rxc4 21.Rb1 
Bh6 22.O-O Rf8 23.Be6+ Kh8 24.Rb3 Rc2 25.a3 Bg5 26.Bg4 Bd8 27.f4 exf4 28.
Rxf4 Bb6+ 29.Kh1 Rxf4 30.gxf4 Rf2 31.Bc8 h5 32.Bxb7 h4 33.Ba6 Kg7 34.a4 
Kf6 35.a5 Bd4 36.Bc8 1/2-1/2

[Event "17th EUR-ch"]
[Site "Gjakova KOS"]
[Date "2016.05.14"]
[Round "3.10"]
[White "Ipatov, Alexander"]
[Black "Brkic, Ante"]
[Result "1-0"]
[WhiteElo "2648"]
[BlackElo "2584"]
[EventDate "2016.05.12"]
[PlyCount "55"]

1.d4 Nf6 2.c4 e6 3.Nf3 d5 4.Bg5 Bb4+ 5.Nbd2 dxc4 6.a3 Bxd2+ 7.Qxd2 b5 8.a4
c6 9.g3 Bb7 10.Bg2 Nbd7 11.Ne5 Qc8 12.O-O O-O 13.e4 a6 14.f4 c5 15.d5 exd5
16.exd5 Nb6 17.Bxf6 gxf6 18.f5 fxe5 19.Qg5+ Kh8 20.Qf6+ Kg8 21.Qxb6 Rb8 
22.axb5 axb5 23.Ra7 Bxd5 24.Qh6 Bxg2 25.Kxg2 Kh8 26.Rf3 b4 27.h4 Qe8 28.h5
1-0

[Event "17th EUR-ch"]
[Site "Gjakova KOS"]
[Date "2016.05.14"]
[Round "3.12"]
[White "Parligras, Mircea-Emilian"]
[Black "Romanov, Evgeny"]
[Result "1-0"]
[WhiteElo "2599"]
[BlackElo "2641"]
[EventDate "2016.05.12"]
[PlyCount "89"]

1.d4 Nf6 2.c4 c5 3.d5 g6 4.Nc3 Bg7 5.e4 d6 6.Bd3 O-O 7.h3 e6 8.Nf3 Nbd7 9.
O-O e5 10.Re1 Ne8 11.Qc2 Ndf6 12.a3 Nh5 13.b4 b6 14.Rb1 h6 15.Bd2 f5 16.
bxc5 bxc5 17.Qd1 f4 18.Bc2 Ba6 19.Qe2 Nhf6 20.Ba4 g5 21.Bc6 Rb8 22.Rxb8 
Qxb8 23.Rb1 Qc7 24.Qd1 Bc8 25.Qb3 g4 26.hxg4 Qf7 27.Nh2 Qg6 28.f3 h5 29.
Qb8 Ba6 30.gxh5 Nxh5 31.Bd7 Bxc4 32.Qxa7 Ng3 33.Rb8 Nf6 34.Be6+ Kh8 35.
Rxf8+ Bxf8 36.a4 Ne2+ 37.Nxe2 Bxe2 38.Qb8 Kg7 39.Qb7+ Kh8 40.a5 Qe8 41.Qc8
Kg7 42.Ng4 Qxc8 43.Bxc8 Nxg4 44.fxg4 Bd3 45.a6 1-0